000
00193 a2200097 4500
001
8135
100
_a
Tedder, T L
245
_a
Air Power in War
260
_a
_b
Hodder
_c
090
_c
6535
_d
6535
942
_a
NUST-CAE
_c
M
_c
33084
999
_c
243208
_d
243208